[Event "Olympiad Women-43"]
[Site "Batumi"]
[Date "2018.10.03"]
[Round "9.1"]
[White "Cori Tello, Deysi Estella"]
[Black "Peng, Zhaoqin"]
[Result "1-0"]
[WhiteElo "2391"]
[BlackElo "2367"]
[PlyCount "71"]
[EventDate "2018.09.24"]
[EventType "team-swiss"]
[EventRounds "11"]
[EventCountry "GEO"]
[SourceTitle "EXT 2020"]
[Source "ChessBase"]
[SourceDate "2019.10.17"]
[SourceVersion "1"]
[SourceVersionDate "2019.10.17"]
[SourceQuality "1"]
[WhiteTeam "Peru (W)"]
[BlackTeam "Netherlands (W)"]
[WhiteTeamCountry "PER"]
[BlackTeamCountry "NED"]

1. d4 d5 2. c4 c6 3. Nc3 Nf6 4. e3 g6 5. Nf3 Bg7 6. cxd5 cxd5 7. Bb5+ Nc6 8. Ne5 Qd6 9. 0-0 0-0 10. f4 Ne4 11. Nxe4 dxe4 12. Qa4 Nxe5 13. fxe5 Qb6 14. Bd2 a5 15. b4 Be6 16. bxa5 Qd8 17. Bb4 f6 18. d5 Qxd5 19. Bxe7 Qxe5 20. Bxf8 Bxf8 21. Bc4 Bc5 22. Rfe1 Bxc4 23. Qxc4+ Kg7 24. Rab1 Rxa5 25. Rxb7+ Kh6 26. a4 Bd6 27. g3 Qe8 28. Rd1 Rxa4 29. Qf1 Qc8 30. Rf7 Be5 31. Rfd7 Qc5 32. Rxh7+ Kxh7 33. Qh3+ Kg8 34. Rd8+ Kf7 35. Qh7+ Ke6 36. Qd7# 1-0

[Event "Olympiad Women-43"]
[Site "Batumi"]
[Date "2018.09.27"]
[Round "4.18"]
[White "Peng, Zhaoqin"]
[Black "Dolzhikova, Olga"]
[Result "0-1"]
[WhiteElo "2367"]
[BlackElo "2184"]
[PlyCount "76"]
[EventDate "2018.09.24"]
[EventType "team-swiss"]
[EventRounds "11"]
[EventCountry "GEO"]
[SourceTitle "EXT 2020"]
[Source "ChessBase"]
[SourceDate "2019.10.17"]
[SourceVersion "1"]
[SourceVersionDate "2019.10.17"]
[SourceQuality "1"]
[WhiteTeam "Netherlands (W)"]
[BlackTeam "Norway (W)"]
[WhiteTeamCountry "NED"]
[BlackTeamCountry "NOR"]

1. d4 e6 2. Nf3 b6 3. e4 Bb7 4. Bd3 Nf6 5. e5 Nd5 6. a3 d6 7. 0-0 c5 8. c4 Ne7 9. exd6 Qxd6 10. Nc3 a6 11. Ne4 Qc7 12. dxc5 bxc5 13. Re1 Nd7 14. b4 Ng6 15. Neg5 Be7 16. Rb1 0-0 17. Qc2 Bf6 18. Be3 Rfe8 19. Be4 Bxe4 20. Nxe4 Be7 21. Red1 Red8 22. h3 h6 23. Qe2 Qc6 24. Nfd2 Rab8 25. Qf3 Nde5 26. Qe2 cxb4 27. axb4 Rxb4 28. Rbc1 f5 29. Nc3 f4 30. Ba7 Rd7 31. Nd5 exd5 32. cxd5 Qxd5 33. Nc4 Rxc4 34. Rxd5 Rxc1+ 35. Kh2 Rxd5 36. Qa2 Rcd1 37. Qxa6 Kh7 38. Qe6 Bc5 0-1

[Event "EU-chT (Women) 21st"]
[Site "Heraklion"]
[Date "2017.11.05"]
[Round "8.1"]
[White "Eric, Jovana"]
[Black "Peng, Zhaoqin"]
[Result "1/2-1/2"]
[WhiteElo "2257"]
[BlackElo "2362"]
[PlyCount "99"]
[EventDate "2017.10.28"]
[EventType "team-swiss"]
[EventRounds "9"]
[EventCountry "GRE"]
[SourceTitle "CBM 181 Extra"]
[Source "ChessBase"]
[SourceDate "2017.12.12"]
[SourceVersion "1"]
[SourceVersionDate "2017.12.12"]
[SourceQuality "1"]
[WhiteTeam "Serbia (W)"]
[BlackTeam "Netherlands (W)"]
[WhiteTeamCountry "SRB"]
[BlackTeamCountry "NED"]

1. e4 e6 2. d4 d5 3. Nc3 Bb4 4. e5 c5 5. a3 Bxc3+ 6. bxc3 Qc7 7. Nf3 Ne7 8. Bd3 b6 9. 0-0 Ba6 10. Bxa6 Nxa6 11. Qe2 Nb8 12. a4 Nd7 13. Ba3 0-0 14. h4 Rfe8 15. h5 h6 16. Rfb1 Rac8 17. Qb5 Nc6 18. Bc1 Na5 19. Bf4 Nf8 20. Ne1 Qe7 21. Qe2 Qh4 22. g3 Qh3 23. Rd1 Qf5 24. Rd3 Nh7 25. Ng2 Ng5 26. Bxg5 hxg5 27. Ne3 Qe4 28. f3 Qh7 29. Kg2 cxd4 30. cxd4 Qxh5 31. Rh1 Qg6 32. Kg1 Nc4 33. Ng4 Kf8 34. Qe1 a5 35. Qb1 Ke7 36. Qb5 Rh8 37. Rxh8 Rxh8 38. Qc6 Rd8 39. Ne3 Qh7 40. Nxc4 dxc4 41. Qxc4 Qh3 42. Qc7+ Rd7 43. Qxb6 Qxg3+ 44. Kf1 Qh3+ 45. Kg1 f6 46. Qxa5 Qg3+ 47. Kf1 Qh3+ 48. Kg1 Qg3+ 49. Kf1 Qh3+ 50. Kg1 1/2-1/2

[Event "EU-chT (Women) 21st"]
[Site "Heraklion"]
[Date "2017.11.03"]
[Round "6.1"]
[White "Paehtz, Elisabeth"]
[Black "Peng, Zhaoqin"]
[Result "1-0"]
[WhiteElo "2453"]
[BlackElo "2362"]
[PlyCount "41"]
[EventDate "2017.10.28"]
[EventType "team-swiss"]
[EventRounds "9"]
[EventCountry "GRE"]
[SourceTitle "CBM 181 Extra"]
[Source "ChessBase"]
[SourceDate "2017.12.12"]
[SourceVersion "1"]
[SourceVersionDate "2017.12.12"]
[SourceQuality "1"]
[WhiteTeam "Germany (W)"]
[BlackTeam "Netherlands (W)"]
[WhiteTeamCountry "GER"]
[BlackTeamCountry "NED"]

1. e4 d6 2. d4 Nf6 3. Nc3 e5 4. Nf3 Nbd7 5. Bc4 Be7 6. a4 0-0 7. 0-0 c6 8. h3 Nxe4 9. Nxe4 d5 10. Re1 dxe4 11. Rxe4 exd4 12. Rxd4 Bf6 13. Rd6 Qe7 14. Ra3 Ne5 15. Nxe5 Bxe5 16. Rd2 Bf5 17. Qe2 Qc7 18. Qf3 Rae8 19. Qxf5 g6 20. Qf3 Bh2+ 21. Kf1 1-0

[Event "EU-chT (Women) 21st"]
[Site "Heraklion"]
[Date "2017.10.31"]
[Round "4.1"]
[White "Peng, Zhaoqin"]
[Black "Zimina, Olga"]
[Result "1/2-1/2"]
[WhiteElo "2362"]
[BlackElo "2394"]
[PlyCount "60"]
[EventDate "2017.10.28"]
[EventType "team-swiss"]
[EventRounds "9"]
[EventCountry "GRE"]
[SourceTitle "CBM 181 Extra"]
[Source "ChessBase"]
[SourceDate "2017.12.12"]
[SourceVersion "1"]
[SourceVersionDate "2017.12.12"]
[SourceQuality "1"]
[WhiteTeam "Netherlands (W)"]
[BlackTeam "Italy (W)"]
[WhiteTeamCountry "NED"]
[BlackTeamCountry "ITA"]

1. d4 d5 2. Bf4 Nf6 3. e3 c5 4. c3 Nc6 5. Nd2 cxd4 6. exd4 Bg4 7. Qb3 Qc8 8. Bd3 e6 9. h3 Bh5 10. Ngf3 Bxf3 11. Nxf3 Be7 12. 0-0 0-0 13. Qc2 a6 14. Rfe1 b5 15. a3 Na5 16. b4 Nc4 17. a4 Qb7 18. Be5 h6 19. Bxc4 dxc4 20. Bxf6 Bxf6 21. a5 Rad8 22. Ne5 Rd5 23. Ng4 Bg5 24. Re2 Rfd8 25. Rae1 Bf4 26. Qe4 Bb8 27. g3 h5 28. Nh2 Qe7 29. Nf3 Qf6 30. Kg2 g6 1/2-1/2